00720cam a2200205Mi 450000500170000000800410001702000180005804000500007604100080012610000170013424501230015126000390027430000330031365000200034665000270036665000400039365000230043370000180045670000400047420140903175101.0140520s2013 sp a fr 000 0 spa d a9788499923017 aCO-BoUCMbspacJose A. GerenadJose A. Gerena aspa1 aKlein, Grady10aIntroducción a la microeconomía en viñetascGrady Klein y Yoram Bauman ; traducción de Francisco J. Ramos Mena aBarcelona (España)bDebatec2013 a211 páginasbilustraciones 7aMicroeconomía 7aTeoría de los juegos 7aTiras cómicas , historietas, etc. 7aToma de decisiones1 aBauman, Yoram1 aRamos Mena, Francisco J.etraductor